• 首页
  • 本馆介绍
  • 公告通知
  • 最新文献
  • 馆藏检索
  • 电子资源
  • 读者导购
  • 参考咨询
  • 我的图书馆
  • 登录
  • 详细信息显示
  • 放入我的书架
  • 预约/预借图书
  • 作者相关作品
  • 分类相关作品
  • 丛书相关作品
  • 出版社相关作品

书目信息

  • 表格格式
  • 工作单格式
  • 卡片格式
题名:
高等职业教育德育概论
    
 
作者: 张向东 著
分册:  
出版信息: 武汉   武汉大学出版社  2013
页数: 165页
开本: 24cm
丛书名:
单 册:
中图分类: G711
科图分类:
主题词: 高等职业教育--德育--概论
电子资源:
ISBN: 978-7-307-10447-1
000 00750nam0 2200217 450
001 6034
005 20180530110508.37
010    @a978-7-307-10447-1@dCNY39.00
100    @a20130425d2013 em y0chiy50 ea
101 0  @achi
102    @aCN@b420000
105    @ay z 000yy
200 1  @a高等职业教育德育概论@9gao deng zhi ye jiao yu de yu gai lun@f张向东等著
210    @a武汉@c武汉大学出版社@d2013
215    @a165页@d24cm
330    @a本书围绕高等职业教育的基本概念、范畴和问题、基本原理和规律,对高等职业教育的管理理念、人才培养模式、课程体系、德育理论和方法、教学方法等进行研究。
606 0  @a高等职业教育@x德育@x概论
690    @aG711@v5
701  0 @a张向东@9zhang xiang dong@4著
801  0 @aCN@b91MARC@c20130904
905    @aMuseLib@dG711@e48
    
    高等职业教育德育概论/张向东等著.-武汉:武汉大学出版社,2013
    165页;24cm
    
    
    ISBN 978-7-307-10447-1:CNY39.00
    本书围绕高等职业教育的基本概念、范畴和问题、基本原理和规律,对高等职业教育的管理理念、人才培养模式、课程体系、德育理论和方法、教学方法等进行研究。
●
相关链接 在E读中查询图书 在五车中查询图书 在当当中查询图书 在豆瓣中查询图书


正题名:高等职业教育德育概论     索取号:G711/48         预约/预借

序号 登录号 条形码 馆藏地/架位号 状态 备注
1 1115789   211157898   第一样本阅览室/ [索取号:G711/48] 在馆    
2 1115790   211157905   教育系资料室/ [索取号:G711/48] 在馆    
唐山师范学院图书馆 欢迎您!
大连网信软件有限公司© 版权所有